Corrosion of metal components in walls (Record no. 102364)

MARC details
000 -LEADER
fixed length control field 00504cam a2200193 4500
008 - FIXED-LENGTH DATA ELEMENTS--GENERAL INFORMATION
fixed length control field 020917n2001 000 0 eng u
020 ## - INTERNATIONAL STANDARD BOOK NUMBER
International Standard Book Number 1860815235
035 ## - SYSTEM CONTROL NUMBER
System control number (Sirsi) u119709
050 ## - LIBRARY OF CONGRESS CALL NUMBER
Classification number 690.12
100 ## - MAIN ENTRY--PERSONAL NAME
Personal name De Vekey, R.
245 ## - TITLE STATEMENT
Title Corrosion of metal components in walls
260 ## - PUBLICATION, DISTRIBUTION, ETC.
Place of publication, distribution, etc. London
Name of publisher, distributor, etc. CRC
Date of publication, distribution, etc. 2001
300 ## - PHYSICAL DESCRIPTION
Extent 8p.
Other physical details ill.
Dimensions 2001
490 ## - SERIES STATEMENT
Series statement BRE Digest
Volume/sequential designation 461
650 ## - SUBJECT ADDED ENTRY--TOPICAL TERM
Topical term or geographic name entry element CAVITY WALL TIES
650 ## - SUBJECT ADDED ENTRY--TOPICAL TERM
Topical term or geographic name entry element CORROSION
690 ## - LOCAL SUBJECT ADDED ENTRY--TOPICAL TERM (OCLC, RLIN)
Topical term or geographic name as entry element BUILT ENVIRONMENT-BUILDING MATERIALS
942 ## - ADDED ENTRY ELEMENTS (KOHA)
Suppress in OPAC 0
Holdings
Withdrawn status Lost status Source of classification or shelving scheme Damaged status Not for loan Home library Current library Shelving location Date acquired Total Checkouts Full call number Barcode Date last seen Date last checked out Copy number Price effective from Koha item type
    Dewey Decimal Classification     London London BRE publications 17/09/2002 3 ENQUIRY DESK 30066661 06/08/2019 04/09/2009 1 06/08/2019 Book